[Event "HCL-C4123"]
[Site "www.playchess.de"]
[Date "2006.02.06"]
[Round "7"]
[White "Skipper_Robert"]
[Black "Milosforman"]
[WhiteElo "968"]
[BlackElo "930"]
[PlyCount "102"]
[Result "0-1"]

1.d4 d5 2.Nf3 Bg4 3.Be3 Bxf3 4.exf3 e6 5.f4 Bb4+ 
6.c3 Ba5 7.Qa4+ Nc6 8.Bb5 Nge7 9.Nd2 a6 10.Bd3 b5 
11.Qb3 f5 12.O-O-O Bb6 13.h3 Na5 14.Qc2 Qd6 15.g4 
c5 16.gxf5 Nxf5 17.Bxf5 exf5 18.Qxf5 c4 19.Qg4 Nc6 
20.Qxg7 O-O-O 21.Qg4+ Qd7 22.f5 Rhg8 23.Qf3 Rdf8 
24.f6 Rg6 25.Qh5 Rfxf6 26.Rhg1 Rxg1 27.Rxg1 Bd8 
28.Rg8 Qf7 29.Qg4+ Kb8 30.b3 cxb3 31.Nxb3 Rg6 
32.Bf4+ Ka7 33.Rxg6 hxg6 34.Nc5 Bb6 35.Nd7 Ba5 
36.Nc5 Bxc3 37.Qg3 Bxd4 38.Bd6 Bxf2 39.Qg4 Be3+ 
40.Kb1 Qf5+ 41.Qxf5 gxf5 42.h4 f4 43.Nd7 f3 44.Bg3 
{good game, congratulation}  f2 {not yet ended.. 
dont u agree?}  45.Bxf2 {We can play it to the 
end, but tomorrow, good night from Berlin}  Bxf2 
46.h5 Be3 47.Nf6 d4 48.Nd5 Bh6 49.Nf6 d3 50.Ng4 
Nd4 51.Nxh6 d2 0-1

[Event "HCL-A2574"]
[Site "www.playchess.de"]
[Date "2006.02.06"]
[Round "2"]
[White "DeepEcho"]
[Black "kilani"]
[WhiteElo "1800"]
[BlackElo "1700"]
[PlyCount "79"]
[Result "1-0"]

1.d4 {Hi, greetings from Italy and good luck for 
the tournament}  Nf6 2.Nf3 c5 3.c4 cxd4 4.Nxd4 Nc6 
5.g3 e5 6.Nb5 d6 7.Bg2 a6 8.N5c3 Be6 9.b3 Be7 
10.O-O O-O 11.Bb2 Qd7 12.Nd5 Bd8 13.Nbc3 Bxd5 
14.Nxd5 Nxd5 15.Qxd5 Qe6 16.Ba3 Bc7 17.Rac1 Rfd8 
18.Qd3 Qf6 19.Rfd1 Rab8 20.Qe4 Bb6 21.e3 Bc7 
22.Rd3 Rd7 23.Rcd1 Rbd8 24.Qg4 Qg6 25.Qh4 f5 
26.Bd5+ Kh8 27.b4 e4 28.R3d2 Ne5 29.Kg2 Nf3 30.Qf4 
Nxd2 31.Rxd2 Bb8 32.Bb2 Re7 33.Qh4 Rde8 34.Bd4 h6 
35.Rb2 Qg5 36.Qh3 Kh7 37.b5 axb5 38.Rxb5 Rf8 39.a4 
f4 40.Bxe4+ 1-0

[Event "HCL-A2571"]
[Site "www.playchess.de"]
[Date "2006.02.06"]
[Round "7"]
[White "jmulin"]
[Black "mbueno"]
[WhiteElo "1481"]
[BlackElo "1529"]
[PlyCount "68"]
[Result "0-1"]

1.Nf3 g6 {Greetins from Brasil. Good luck in the 
game and the tournament.}  2.e4 Bg7 3.d4 d6 4.c4 
Bg4 5.Be2 Nf6 6.Nc3 O-O 7.O-O Re8 8.Ne1 Bxe2 
9.Qxe2 Nc6 10.Nc2 e5 11.d5 Ne7 12.b4 c6 13.Bd2 Qd7 
14.f3 cxd5 15.cxd5 a6 16.Ne3 Nh5 17.g3 f5 18.Nc4 
Nc8 19.Rac1 b5 20.Na5 fxe4 21.Nxe4 Nf6 22.Nxf6+ 
Bxf6 23.Be3 Ne7 24.Qd3 Qf5 25.Qd2 Rac8 26.Nb7 Qd7 
27.Na5 Nf5 28.Nc6 Qf7 29.Bb6 Qb7 30.Bf2 Qf7 31.Kg2 
h6 32.g4 Bg5 33.Qd3 Bxc1 34.Rxc1 
Nd4 0-1

[Event "HCL-E1572"]
[Site "www.playchess.de"]
[Date "2006.02.06"]
[Round "8"]
[White "Aspirin"]
[Black "superulf"]
[WhiteElo "2000"]
[BlackElo "1459"]
[PlyCount "29"]
[Result "1-0"]

1.d4 g6 2.e4 Bg7 3.Nc3 c5 4.Nf3 f5 5.exf5 gxf5 
6.Ng5 Nh6 7.Qh5+ Kf8 8.dxc5 Qe8 9.Qxe8+ Kxe8 
10.Nd5 Be5 11.Nf3 e6 12.Nxe5 exd5 13.Bxh6 Na6 
14.Bxa6 bxa6 15.O-O-O 1-0

[Event "HCL-A2494"]
[Site "www.playchess.de"]
[Date "2006.02.06"]
[Round "28"]
[White "Jule"]
[Black "cabe"]
[WhiteElo "1432"]
[BlackElo "1415"]
[PlyCount "101"]
[Result "1-0"]

1.Nf3 d6 {Prettig partij gewenst!}  2.Nc3 {Danke 
sehr, ebenfalls viel Spass}  c5 3.e4 e5 4.Nd5 Nf6 
5.d3 Bg4 6.Bg5 Be7 7.Nxe7 Qxe7 8.Be2 O-O 9.O-O Nc6 
10.c3 h6 11.Bh4 Be6 12.Re1 d5 13.exd5 Bxd5 14.c4 
Be6 15.h3 b6 16.Bf1 Qd6 17.Bxf6 gxf6 18.Be2 Nd4 
19.Nxd4 Qxd4 20.Qd2 Kh7 21.Bf3 Rad8 22.Rad1 f5 
23.Qc2 a6 24.Re3 f4 25.Re4 Qd6 26.d4 {a happy new 
year 2006}  Bf5 27.dxe5 Qg6 28.Rxd8 Rxd8 29.Qe2 
Qg5 30.e6 fxe6 31.Re5 Qf6 32.Bg4 Bxg4 33.hxg4 Rd6 
34.Qe4+ Kh8 35.Qa8+ Rd8 36.Rxe6 Qg5 37.Rxh6+ Kg7 
38.Rh5 Rd1+ 39.Kh2 Qxg4 40.Qh8+ Kg6 41.Qh7+ Kf6 
42.Qh6+ Ke7 43.Re5+ Kd7 44.Qh7+ Kd6 45.Qe7+ Kc6 
46.Re6+ Qxe6 47.Qxe6+ Rd6 48.Qe4+ Kd7 49.Qxf4 Kc6 
50.Qe4+ Kd7 51.Qb7+ 1-0

[Event "HCL-B3718"]
[Site "www.playchess.de"]
[Date "2006.02.06"]
[Round "25"]
[White "Grunert"]
[Black "GCP"]
[WhiteElo "939"]
[BlackElo "1538"]
[PlyCount "137"]
[Result "1/2-1/2"]

1.e4 d6 {hello from Rome, have a good game}  2.d3 
{hello from amnnheim}  Nc6 3.Nf3 g6 4.g3 Bg7 5.Bg2 
Bg4 6.h3 Bxf3 7.Qxf3 Nd4 8.Qd1 e5 9.b3 Ne7 10.Bb2 
Nec6 11.Nd2 Qd7 12.Nf3 O-O-O 13.Nxd4 exd4 14.Rb1 
Rde8 15.O-O h5 16.h4 Rhf8 17.Kh2 f5 18.exf5 Rxf5 
19.Bh3 Ref8 20.Bxf5 Rxf5 21.f4 Ne7 22.Re1 Nd5 
23.Re2 Ne3 24.Qd2 c5 25.a4 Rf7 26.Bc1 Nd5 27.Bb2 
Ne3 28.Rxe3 dxe3 29.Qxe3 Bh6 30.Qf2 Kc7 31.Re1 g5 
32.hxg5 Bxg5 33.Qg2 Bf6 34.Bxf6 Rxf6 35.Re3 Rg6 
36.Qe2 Qf5 37.Re7+ Kc6 38.Qf3+ d5 39.c4 Rd6 
40.cxd5+ Rxd5 41.Re5 Qf7 42.Rxd5 Qxd5 43.Qxd5+ 
Kxd5 44.Kh3 Kd4 45.Kh4 Kxd3 46.Kxh5 Ke4 47.Kg5 a6 
48.f5 Ke5 49.Kg6 b5 50.a5 c4 51.bxc4 bxc4 52.f6 c3 
53.f7 c2 54.f8Q c1Q 55.Qe8+ Kd4 56.Qd8+ Ke4 
57.Qe7+ Kf3 58.Qf6+ Kxg3 59.Qxa6 Qc2+ 60.Kf7 Qf5+ 
61.Ke7 Qe5+ 62.Kd7 Qg7+ 63.Kc6 Kf4 64.Qc4+ Kf5 
65.Qd3+ Ke6 66.Qd6+ Kf5 67.a6 Ke4 68.Qd5+ Ke3 
69.Qc5+ {(offering draw)}  1/2-1/2

[Event "HCL-C4047"]
[Site "www.playchess.de"]
[Date "2006.02.06"]
[Round "15"]
[White "Milosforman"]
[Black "epenz"]
[WhiteElo "861"]
[BlackElo "993"]
[PlyCount "100"]
[Result "0-1"]

1.d4 d5 2.Nf3 Nf6 3.Bg5 h6 4.Bxf6 gxf6 5.e3 Nc6 
6.Bb5 a6 7.Bxc6+ bxc6 8.Qd3 e5 9.dxe5 fxe5 10.e4 
Bd6 11.exd5 cxd5 12.Qb3 c6 13.Nbd2 e4 14.Nd4 Bd7 
15.O-O-O Qf6 16.f3 e3 17.Nf1 Bf4 18.Nxe3 O-O 19.g3 
Bxe3+ 20.Kb1 Bxd4 21.c3 Rab8 22.Qc2 Ba7 23.f4 Qg6 
24.Qxg6+ fxg6 25.Rhe1 Bg4 26.Rd3 Rbc8 27.Re7 Bb8 
28.b3 Rfe8 29.Rxe8+ Rxe8 30.Kb2 Re2+ 31.Ka3 Rxh2 
32.c4 Bf5 33.Re3 Kf7 34.cxd5 cxd5 35.Rc3 Bd6+ 
36.b4 Bb1 37.Rc6 Rxa2+ 38.Kb3 Be7 39.Rc7 Rg2 
40.Rc3 Bf6 41.Rc7+ Ke6 42.Rc6+ Kf5 43.Rxa6 Rxg3+ 
44.Ka4 Bc2+ 45.Ka5 Ra3+ 46.Kb6 Rxa6+ 47.Kxa6 d4 
48.b5 Bd8 49.b6 Bxb6 50.Kxb6 d3 0-1

[Event "HCL-C4083"]
[Site "www.playchess.de"]
[Date "2006.02.06"]
[Round "1"]
[White "Milosforman"]
[Black "Linman2"]
[WhiteElo "908"]
[BlackElo "800"]
[PlyCount "54"]
[Result "0-1"]

1.d4 Nf6 2.c4 g6 3.Nc3 d5 4.c5 Bg7 5.Bg5 O-O 6.e3 
c6 7.Bxf6 Bxf6 8.Bd3 Nd7 9.Nf3 e5 10.dxe5 Nxe5 
11.Nxe5 Bxe5 12.f4 Bg7 13.O-O Qe7 14.b4 Qxe3+ 
15.Kh1 Bxc3 16.Rf3 Qd4 17.Rb1 Bg4 18.h3 Bxf3 
19.gxf3 Qxf4 20.Rb3 Be5 21.Qe2 Rae8 22.Qg2 Bc7 
23.Rb1 Re3 24.Bf1 Rxf3 25.Be2 Rf2 26.Qg1 Rh2+ 
27.Qxh2 Qxh2+ 0-1

[Event "HCL-C4013"]
[Site "www.playchess.de"]
[Date "2006.02.06"]
[Round "10"]
[White "Milosforman"]
[Black "Maneco"]
[WhiteElo "937"]
[BlackElo "800"]
[PlyCount "86"]
[Result "0-1"]

1.d4 Nf6 2.c4 d6 3.Nc3 Bf5 4.e3 c6 5.Bd3 Bxd3 
6.Qxd3 e6 7.h3 Be7 8.Nf3 h6 9.b4 O-O 10.Ne4 Nxe4 
11.Qxe4 Nd7 12.c5 dxc5 13.bxc5 Qa5+ 14.Bd2 Qb5 
15.a4 Qc4 16.Ne5 Nxe5 17.Qxe5 Rac8 18.Rc1 Qxa4 
19.O-O Bf6 20.Rca1 Qxa1 21.Rxa1 Bxe5 22.dxe5 Rfd8 
23.Ba5 Rd5 24.Bb4 Rxe5 25.Rxa7 Rc7 26.Ba5 Rd7 
27.Bc3 Rxc5 28.Bb4 Rb5 29.Ra8+ Kh7 30.Bc3 c5 31.f4 
Rb3 32.Be1 Rxe3 33.Bf2 Rd1+ 34.Kh2 Rc3 35.Rc8 b6 
36.Rc6 Rb1 37.Rc7 f6 38.Re7 Rc2 39.Bh4 Rbb2 
40.Bxf6 Rcxg2+ 41.Kh1 Rbc2 42.Be5 b5 43.Rxe6 
Rge2 0-1

[Event "HCL-E1514"]
[Site "www.playchess.de"]
[Date "2006.02.06"]
[Round "9"]
[White "Bill"]
[Black "Josef"]
[WhiteElo "1680"]
[BlackElo "1551"]
[PlyCount "72"]
[Result "1/2-1/2"]

1.e4 c5 2.Nf3 d6 3.d4 cxd4 4.Nxd4 Nf6 5.Nc3 a6 
6.Be3 Qc7 7.f3 e6 8.Nb3 Be7 9.Bf4 Nbd7 10.Be2 O-O 
11.Qd2 b5 12.O-O-O e5 13.Be3 Bb7 14.a3 Rac8 15.Bg5 
Rfd8 16.Kb1 Nf8 17.Be3 d5 18.exd5 Nxd5 19.Nxd5 
Bxd5 20.Bd3 Bxb3 21.cxb3 Ne6 22.Qf2 Nd4 23.b4 Bf6 
24.Be4 a5 25.Rdc1 Qb6 26.Rxc8 Rxc8 27.bxa5 Qxa5 
28.Rd1 b4 29.Rd3 bxa3 30.Rxa3 Qc7 31.Rc3 Qd7 
32.Rxc8+ Qxc8 33.Qg3 Qc4 34.Bxd4 Qxd4 35.Qh3 g6 
36.Qc8+ Kg7 {(offering draw)}  1/2-1/2

[Event "HCL-C4139"]
[Site "www.playchess.de"]
[Date "2006.02.06"]
[Round "4"]
[White "Maneco"]
[Black "Tribun"]
[WhiteElo "1074"]
[BlackElo "715"]
[PlyCount "82"]
[Result "1-0"]

1.e4 {Hello!!!!!!!!!}  e5 {Hello}  2.Nf3 Nc6 3.Bb5 
a6 4.Bxc6 dxc6 5.d3 Bd6 6.O-O c5 7.Nc3 f6 8.Re1 
Qd7 9.Nh4 Qf7 10.Nd5 c6 11.Nb6 Rb8 12.Nxc8 Rxc8 
13.Nf5 Bf8 14.b3 g6 15.Nh6 Qg7 16.Ng4 Bd6 17.Be3 
Ne7 18.h3 O-O 19.Bh6 Qf7 20.Bxf8 Qxf8 21.Qd2 Kh8 
22.Re3 Ng8 23.c3 Qd8 24.Rf3 Be7 25.Nh6 Qd7 26.h4 
Bf8 27.Nxg8 Be7 28.Nxf6 Qe6 29.Nxh7 Kxh7 30.Rh3 
Qf7 31.Qe2 Qg8 32.h5 g5 33.Qg4 Rf8 34.Qd7 Rf7 
35.Rf3 Bf6 36.Qf5+ Kh6 37.Qe6 Qg7 38.Kh2 b6 39.Rh1 
g4 40.Rg3 Qg5 41.Rxg4 Qh4+ 1-0

[Event "HCL-A2560"]
[Site "www.playchess.de"]
[Date "2006.02.06"]
[Round "5"]
[White "maus"]
[Black "longbow37"]
[WhiteElo "1367"]
[BlackElo "1097"]
[PlyCount "103"]
[Result "1-0"]

1.e4 {hello...}  d5 {hi to you longbow from mi}  
2.exd5 {:)}  Qxd5 3.Nc3 Qf5 4.Bd3 Qg5 5.Be4 e5 
6.d4 Qf6 7.Nf3 Nd7 8.Nd5 Qe6 9.Nxc7+ Ke7 10.Nxe6 
fxe6 11.Bg5+ Ke8 12.dxe5 Nc5 13.Nd2 Ne7 14.Bxe7 
Bxe7 15.Qh5+ Kd7 16.Bxh7 Rd8 17.b4 Na6 18.Qg4 Nxb4 
19.f4 g5 20.fxg5 Nc6 21.Nf3 Bb4+ 22.Ke2 Ke8 
23.Bg6+ Ke7 24.Rhd1 Bd7 25.Be4 Bc3 26.Rab1 Nxe5 
27.Nxe5 Bxe5 28.Bxb7 Rab8 29.g6 a5 30.Qg5+ Bf6 
{what computer game are you used,s make the moves 
for you ?}  31.Qc5+ {i do not use PC in game,you 
are simple poorly play}  Ke8 {you are funny guy}  
32.Qh5 e5 33.g7+ Ke7 34.Bd5 Be6 35.Bxe6 Kxe6 
36.Rxb8 Rxb8 37.Qg4+ Kf7 38.Rf1 e4 39.Rxf6+ Kxf6 
40.g8Q Rxg8 41.Qxg8 Ke5 42.h4 Kd4 43.Qb3 Ke5 
44.Qb5+ Ke6 45.Qxa5 Kf6 46.Qg5+ Ke6 47.h5 Kf7 
48.h6 Ke6 49.h7 Kd6 50.h8Q Kd7 51.Qhd8+ Kc6 
52.Qgd5+ 1-0

[Event "HCL-E1571"]
[Site "www.playchess.de"]
[Date "2006.02.06"]
[Round "14"]
[White "yannick"]
[Black "chess50"]
[WhiteElo "1553"]
[BlackElo "2108"]
[PlyCount "34"]
[Result "0-1"]

1.e4 {hi,good tournament}  e5 {Bon giorno!!!! caro 
amico!!!!}  2.Nf3 Nf6 3.d4 Nxe4 4.Bd3 d5 5.Nxe5 
Be7 6.f3 Bb4+ 7.Ke2 f6 8.Bxe4 fxe5 9.dxe5 dxe4 
10.Qxd8+ Kxd8 11.Bg5+ Ke8 12.fxe4 Nc6 13.c3 Bg4+ 
14.Ke3 Bc5+ 15.Kf4 Be6 16.Kg3 Rf8 17.a3 
Bf2+ 0-1

[Event "HCL-A2586"]
[Site "www.playchess.de"]
[Date "2006.02.06"]
[Round "9"]
[White "MimiSiku"]
[Black "Crusaders"]
[WhiteElo "1457"]
[BlackElo "1781"]
[PlyCount "40"]
[Result "1/2-1/2"]

1.e4 {Servus aus Würzburg! Hoffen wir auf 'ne 
schöne Partie!}  d5 {Hallo und wünsche ebenfalls 
eine spannende Partie !}  2.exd5 {Wo bist Du her?} 
 Qxd5 {Salzgitter (Arbeitswoche) & Köln (Familie)} 
 3.Nc3 {Aha, zwei Wohnsitze also!?}  Qa5 {Ja !}  
4.Bc4 {Naja, heutzutage muß man halt flexibel 
sein...}  Nf6 {Stimmt und die Bahnfahrt muß man 
halt als Entspannung ansehen...}  5.d3 {Bleibt 
einem ja auch nix anderes übrig...}  c6 {leider}  
6.Nge2 Bg4 7.O-O e6 8.Bd2 Qc7 9.f3 Bf5 10.Ne4 Nbd7 
11.Bg5 Be7 12.c3 h6 13.Bxf6 Nxf6 14.Nxf6+ Bxf6 
15.d4 O-O 16.Ng3 Bg6 17.Bd3 Bxd3 18.Qxd3 Rad8 
19.Qe4 Rd7 20.Nh5 Qd8 {(offering draw)} 
 1/2-1/2

[Event "HCL-C4016"]
[Site "www.playchess.de"]
[Date "2006.02.06"]
[Round "17"]
[White "Grunert"]
[Black "foxcar"]
[WhiteElo "929"]
[BlackElo "1202"]
[PlyCount "81"]
[Result "1-0"]

1.d4 b6 2.e3 Bb7 3.Nf3 d5 4.g3 e6 5.Bg2 Bb4+ 6.Bd2 
a5 7.Bxb4 axb4 8.b3 Nd7 9.O-O Ngf6 10.Qd2 Ba6 
11.Re1 Ne4 12.Qxb4 h6 13.Nbd2 Nxd2 14.Nxd2 Qe7 
15.Qxe7+ Kxe7 16.Red1 Be2 17.Rde1 Bh5 18.c4 f5 
19.cxd5 exd5 20.Nf3 Bxf3 21.Bxf3 c6 22.Rec1 c5 
23.dxc5 Ke6 24.cxb6 Ne5 25.Kg2 g5 26.Rc2 g4 27.Be2 
Rab8 28.Rac1 Rxb6 29.R2c8 Rh7 30.R1c7 Rd7 31.Rxd7 
Kxd7 32.Rh8 Ra6 33.Bxa6 Nf7 {A big mistake for 
me!!}  34.Rh7 {yes, thats true}  Ke7 35.h3 gxh3+ 
36.Kxh3 Kf6 37.Rxf7+ Kxf7 38.a4 Kf6 39.Bb7 Ke5 
40.a5 Ke4 41.a6 1-0

[Event "HCL-C4016"]
[Site "www.playchess.de"]
[Date "2006.02.06"]
[Round "12"]
[White "Milosforman"]
[Black "Grunert"]
[WhiteElo "928"]
[BlackElo "929"]
[PlyCount "48"]
[Result "1/2-1/2"]

1.d4 d5 2.Nf3 e6 3.e3 Nf6 4.Nc3 g6 5.Bb5+ Bd7 
6.Bxd7+ Nbxd7 7.Bd2 Bg7 8.O-O O-O 9.Re1 Nb6 10.b3 
a6 11.e4 dxe4 12.Nxe4 Nxe4 13.Rxe4 c5 14.Ba5 Bxd4 
15.Nxd4 cxd4 16.Rxd4 Qc7 17.Rd7 Qc6 18.Bxb6 Qxb6 
19.c4 Rad8 20.Rxd8 Rxd8 21.Qf3 Qd6 22.g3 b5 
23.cxb5 axb5 24.Kg2 Qd7 {(offering draw)} 
 1/2-1/2

[Event "HCL-C4109"]
[Site "www.playchess.de"]
[Date "2006.02.06"]
[Round "2"]
[White "Milosforman"]
[Black "kolmar"]
[WhiteElo "958"]
[BlackElo "985"]
[PlyCount "94"]
[Result "0-1"]

1.d4 e6 2.c4 b6 3.e3 Bb7 4.Nf3 Nf6 5.Bd3 Be7 6.Nc3 
Bb4 7.Bd2 Bxc3 8.Bxc3 Ne4 9.Bxe4 Bxe4 10.O-O d6 
11.d5 e5 12.Nd2 Bf5 13.f4 Bd3 14.Rf3 Nd7 15.e4 Nc5 
16.fxe5 Bxe4 17.Nxe4 Nxe4 18.e6 fxe6 19.Bxg7 Rg8 
20.Bh6 Qh4 21.Be3 e5 22.Bf2 Nxf2 23.Rxf2 O-O-O 
24.g3 Qxc4 25.b3 Qh4 26.Rg2 Qg5 27.h4 Qe3+ 28.Kh2 
Rdf8 29.Qe2 Qxe2 30.Rxe2 Rf3 31.Rg1 Rd3 32.g4 Rxd5 
33.g5 Rd4 34.h5 Rh4+ 35.Kg3 Rxh5 36.Kf3 Rhxg5 
37.Rxg5 Rxg5 38.Rh2 h5 39.Ke4 c6 40.a4 Kd7 41.Rh4 
Rg4+ 42.Rxg4 hxg4 43.Ke3 Ke6 44.Ke4 d5+ 45.Ke3 Kf5 
46.Kf2 Kf4 47.Kg2 d4 0-1

[Event "HCL-C4033"]
[Site "www.playchess.de"]
[Date "2006.02.06"]
[Round "4"]
[White "xetra"]
[Black "hrc"]
[WhiteElo "800"]
[BlackElo "800"]
[PlyCount "28"]
[Result "0-1"]

1.e4 e5 2.Bc4 Nc6 3.Qf3 Qf6 4.Qe2 Nd4 5.Qd3 Qg6 
6.c3 Qxg2 7.cxd4 Qxh1 8.Qg3 exd4 9.Qf4 Qxg1+ 
10.Ke2 d3+ 11.Bxd3 Qxc1 12.e5 Qxb2 13.Bc4 Nh6 
14.Bxf7+ Nxf7 0-1

[Event "HCL-C4088"]
[Site "www.playchess.de"]
[Date "2006.02.06"]
[Round "3"]
[White "pytolo98"]
[Black "Huanchaco"]
[WhiteElo "1226"]
[BlackElo "1176"]
[PlyCount "72"]
[Result "0-1"]

1.e4 e5 2.Qh5 Nc6 3.Bb5 g6 4.Qe2 a6 5.Bxc6 bxc6 
6.h3 d5 7.Nf3 Nf6 8.Nxe5 dxe4 9.Nxc6 Qd6 10.Na5 
Bh6 11.O-O O-O 12.d3 Bxc1 13.Rxc1 Qd4 14.Nc3 Re8 
15.Nb3 Qe5 16.dxe4 Bb7 17.f3 Qg3 18.Qc4 Nd7 19.Nc5 
Nxc5 20.Qxc5 c6 21.Ne2 Qc7 22.c4 Re5 23.Qd4 c5 
24.Qc3 f5 25.f4 Rxe4 26.Qd2 Rd8 27.Qc3 Rxe2 28.Rc2 
Rxc2 29.Qxc2 Qxf4 30.Rf1 Qd4+ 31.Kh1 Be4 32.Qa4 
Qxb2 33.Rg1 Qc3 34.Kh2 f4 35.Qxa6 Qg3+ 36.Kh1 
Qxh3+ 0-1

[Event "HCL-E1569"]
[Site "www.playchess.de"]
[Date "2006.02.06"]
[Round "15"]
[White "Wernswig"]
[Black "chess50"]
[WhiteElo "1372"]
[BlackElo "2160"]
[PlyCount "42"]
[Result "0-1"]

1.e4 {hello, have a nice game}  e5 2.f4 exf4 3.Nf3 
d5 4.e5 g5 5.h3 Nh6 6.Bd3 Nc6 7.b3 Nf5 8.Bxf5 Bxf5 
9.Bb2 d4 10.d3 Bg7 11.Qe2 O-O 12.Nbd2 Nxe5 13.O-O 
Re8 14.Nxe5 Rxe5 15.Qf3 Rb8 16.Nc4 Re8 17.Na5 Re3 
18.Qd1 Bxh3 19.gxh3 Qd5 20.Nc4 Rg3+ 21.Kh2 
Qg2+ 0-1

[Event "HCL-M891"]
[Site "www.playchess.de"]
[Date "2006.02.06"]
[Round "9"]
[White "randa"]
[Black "suffix"]
[WhiteElo "2300"]
[BlackElo "2162"]
[PlyCount "79"]
[Result "1-0"]

1.e4 {hi from Plzen, Czech. Good luck!}  e6 {Hi 
from Moscow, Russia. Good luck you too !}  2.d4 d5 
3.e5 c5 4.Qg4 Nc6 5.Nf3 cxd4 6.Bd3 Nge7 7.O-O Ng6 
8.Re1 Qc7 9.Qg3 f6 10.c3 Ngxe5 11.cxd4 Nxf3+ 
12.Qxf3 Nxd4 13.Qh5+ Kd8 14.Nc3 Bd7 15.Bd2 Nc6 
16.Nb5 Qb6 17.a4 Bb4 18.a5 Qc5 19.Rec1 Qe7 20.Be3 
e5 21.a6 d4 22.axb7 Rb8 23.Be4 dxe3 24.Bxc6 Bxc6 
25.Rxc6 Qxb7 26.Nxa7 Ra8 27.Rd1+ Bd2 28.fxe3 Rxa7 
29.Rxd2+ Ke7 30.Rdc2 Qb3 31.R6c7+ Rxc7 32.Rxc7+ 
Kd6 {(offering draw) may be draw ?}  33.Rc3 
{sorry, a paar moves yet.}  Qb7 {ok}  34.Qf5 h5 
35.h3 Ke7 36.Qc2 Kd6 37.Rb3 Qa7 38.Kh2 Ke7 39.Rc3 
Kd7 40.Ra3 1-0

[Event "HCL-B3856"]
[Site "www.playchess.de"]
[Date "2006.02.06"]
[Round "18"]
[White "mitke"]
[Black "WStanEvans"]
[WhiteElo "1292"]
[BlackElo "1410"]
[PlyCount "60"]
[Result "0-1"]

1.e4 {hello from croatia}  e5 {Greetings from 
Louisville Kentucky USA}  2.Nf3 Nc6 3.Bb5 a6 4.Ba4 
Nf6 5.d3 d6 6.Nbd2 g6 7.Nf1 Bg7 8.Ne3 O-O 9.c3 b5 
10.Bb3 Na5 11.Nd5 Nxb3 12.Qxb3 c6 13.Nb4 Bb7 
14.Bg5 a5 15.Nc2 Qd7 16.Ne3 Nh5 17.g4 Nf6 18.h3 
Ne8 19.Rd1 h6 20.Bh4 Nc7 21.Ng2 Ne6 22.a3 c5 
23.Bg3 a4 24.Qa2 Bc6 25.Nfh4 d5 26.f4 exf4 27.Nxf4 
Nxf4 28.Bxf4 g5 29.Ng6 Rfe8 30.Bxg5 
hxg5 0-1

[Event "HCL-B3714"]
[Site "www.playchess.de"]
[Date "2006.02.06"]
[Round "12"]
[White "German04"]
[Black "raqueldouve"]
[WhiteElo "1179"]
[BlackElo "1260"]
[PlyCount "76"]
[Result "0-1"]

1.e4 e5 2.Nf3 Nc6 3.Bc4 Nf6 4.d3 h6 5.O-O d6 6.Bb3 
Be7 7.Nc3 O-O 8.d4 Bg4 9.Be3 a6 10.d5 Na5 11.h3 
Bh5 12.g4 Bg6 13.Nd2 b5 14.a3 c5 15.Ba2 Qc7 16.Nf3 
Rac8 17.b4 Nb7 18.bxc5 Nxc5 19.Nh4 Bxe4 20.Nxe4 
Ncxe4 21.Rc1 Nc3 22.Qd3 Nfxd5 23.Bxd5 Nxd5 24.Bd2 
Bxh4 25.Qxd5 Qc5 26.Qf3 e4 27.Qxe4 f5 28.gxf5 g5 
29.Qe6+ Rf7 30.Qxh6 Qxf5 31.Be3 Qxh3 32.Qg6+ Kf8 
33.Qxd6+ Ke8 34.Rce1 Rcc7 35.Bxg5+ Rfe7 36.Qxc7 
Bxf2+ 37.Rxf2 Rxe1+ 38.Rf1 Rxf1+ 0-1

[Event "HCL-B3874"]
[Site "www.playchess.de"]
[Date "2006.02.06"]
[Round "8"]
[White "kolmar"]
[Black "Frost666"]
[WhiteElo "991"]
[BlackElo "1378"]
[PlyCount "47"]
[Result "1-0"]

1.e4 e5 2.Nf3 Nc6 3.Bc4 Bc5 4.d3 Nf6 5.Ng5 O-O 
6.h3 Na5 7.Nd2 Nxc4 8.Nxc4 Re8 9.O-O d5 10.Nd2 c6 
11.exd5 cxd5 12.Ngf3 Qb6 13.a3 e4 14.Ne1 e3 
15.fxe3 Rxe3 16.Kh1 Rg3 17.Ndf3 Qc7 18.d4 Ne4 
19.dxc5 Bxh3 20.Qxd5 Bxg2+ 21.Nxg2 Re8 22.Bf4 Rh3+ 
23.Kg1 Qe7 24.Rae1 1-0

[Event "HCL-B3836"]
[Site "www.playchess.de"]
[Date "2006.02.06"]
[Round "8"]
[White "ama49"]
[Black "IRONMAIDEN"]
[WhiteElo "1183"]
[BlackElo "1293"]
[PlyCount "74"]
[Result "0-1"]

1.e4 {Good luck}  e5 {GOOD LUCK TO YOU}  2.Nf3 Nc6 
3.d4 Bd6 4.Nc3 exd4 5.Nxd4 Nxd4 6.Qxd4 Qf6 7.Qxf6 
Nxf6 8.Bd2 O-O 9.O-O-O c6 10.Re1 Bc7 11.h3 d6 
12.a3 Be6 13.Bd3 b5 14.f4 Bb6 15.Be3 Bxe3+ 16.Rxe3 
a6 17.g4 Nd7 18.f5 Bc4 19.Bxc4 bxc4 20.Na4 d5 
21.exd5 cxd5 22.Re7 Rad8 23.Rd1 Nf6 24.Nb6 Rd6 
25.Nxc4 Rc6 26.Ne5 Rd6 27.Nc4 Rc6 28.Ne5 Rd6 29.b4 
Ne4 30.Nd7 Rc8 31.Ne5 f6 32.Nf7 Rdc6 33.Rxd5 
R6xc2+ 34.Kd1 Nc3+ 35.Kxc2 Nxd5+ 36.Kd3 Nxe7 {nice 
hopping for my horse, I haven`t planned this but 
it developed}  37.h4 {I didn't plan this either!!} 
 Kxf7 0-1

[Event "HCL-E1560"]
[Site "www.playchess.de"]
[Date "2006.02.06"]
[Round "9"]
[White "redstar"]
[Black "XANDERKIRV"]
[WhiteElo "1730"]
[BlackElo "1455"]
[PlyCount "73"]
[Result "1-0"]

1.e4 c5 2.Nf3 e6 3.d4 cxd4 4.Nxd4 a6 5.Nc3 b5 6.a3 
Bb7 7.Be2 d6 8.f4 Nf6 9.Bf3 Qc7 10.O-O Be7 11.e5 
dxe5 12.Bxb7 Qxb7 13.fxe5 Nfd7 14.Qh5 O-O 15.Rf3 
g6 16.Qh6 f5 17.exf6 {tough cookie, mate!}  Bxf6 
18.Be3 Bg7 19.Rxf8+ Nxf8 20.Qg5 Nc6 21.Nxc6 Qxc6 
22.Rd1 Rc8 23.Bf4 b4 24.axb4 Qb6+ 25.Kh1 Qxb4 
26.h3 Qxb2 27.Ne4 Rxc2 28.Bd6 Rc8 29.Rf1 Qb7 
30.Nf6+ Bxf6 31.Qxf6 Qg7 32.Qg5 Nd7 33.Qg4 e5 
34.Qe6+ Kh8 35.Rf7 Qh6 36.Bxe5+ Kg8 
37.Rf1+ 1-0

[Event "HCL-E1495"]
[Site "www.playchess.de"]
[Date "2006.02.06"]
[Round "6"]
[White "Willy"]
[Black "Pillsbury"]
[WhiteElo "1946"]
[BlackElo "2424"]
[PlyCount "83"]
[Result "1/2-1/2"]

1.e4 {Herrn.Pillsbury!Ich grüsse dich und viel 
glück.}  c5 {Hello Willy, auch ich wünsche Dir 
viel Glück und Spasss bei der Partie}  2.Nf3 
{Danke sehr.}  Nc6 3.d4 cxd4 4.Nxd4 e5 5.Nb5 d6 
6.c4 a6 7.N5c3 Be6 8.Be3 Nf6 9.Nd5 Rc8 10.Nbc3 Ne7 
11.Nxf6+ gxf6 12.Qa4+ Bd7 13.Qb3 Qc7 14.Bd3 Rg8 
15.Bb6 Qc6 16.Nd5 Nxd5 17.exd5 Qa4 18.Qxa4 Bxa4 
19.O-O Bd7 20.f4 h5 21.Rae1 h4 22.b4 Rg4 23.Kh1 
Bh6 24.Be3 Kf8 25.c5 Bxf4 26.Bxf4 Rxf4 27.Rxf4 
exf4 28.Rc1 a5 29.a3 Re8 30.Bf1 dxc5 31.bxc5 Re5 
32.c6 Bc8 33.Kg1 bxc6 34.dxc6 Ke7 35.Rc4 Re3 
36.Ra4 Kd6 37.Rxa5 Kxc6 38.Ra4 Kd6 39.Rxf4 Rxa3 
40.Rxh4 f5 41.g3 Ke5 42.Rf4 {(offering draw) I 
offer draw.}  1/2-1/2

[Event "HCL-B3856"]
[Site "www.playchess.de"]
[Date "2006.02.06"]
[Round "16"]
[White "mitke"]
[Black "ama49"]
[WhiteElo "1292"]
[BlackElo "1194"]
[PlyCount "57"]
[Result "1/2-1/2"]

1.e4 {hello from Croatia}  e5 {Greetings from 
Scotland}  2.Nf3 Nc6 3.Bb5 a6 4.Ba4 b5 5.Bb3 h6 
6.c3 Nf6 7.d3 d5 8.Nbd2 dxe4 9.Nxe4 Nxe4 10.dxe4 
Qxd1+ 11.Kxd1 Bg4 12.Ke2 f6 13.h3 Bxf3+ 14.Kxf3 
Bc5 15.Be3 Bxe3 16.Kxe3 O-O-O 17.Rad1 Rxd1 18.Rxd1 
Rd8 19.Rxd8+ Kxd8 20.Bd5 Ne7 21.f4 exf4+ 22.Kxf4 
Nxd5+ {(offering draw)}  23.exd5 g6 24.g4 Kd7 
25.b3 Kd6 26.Ke4 a5 27.a3 c6 28.dxc6 Kxc6 29.Kd4 
{(offering draw)}  1/2-1/2

[Event "HCL-M842"]
[Site "www.playchess.de"]
[Date "2006.02.06"]
[Round "2"]
[White "ffwat"]
[Black "BigL"]
[WhiteElo "1901"]
[BlackElo "2233"]
[PlyCount "68"]
[Result "1/2-1/2"]

1.d4 {na dann auf eine interessante partie!}  Nf6 
{Wünsch' ich Dir auch !}  2.c4 c5 3.d5 e6 4.Nc3 
exd5 5.cxd5 d6 6.e4 g6 7.Bd3 Bg7 8.h3 O-O 9.Nf3 b5 
10.Nxb5 Re8 11.O-O Nxe4 12.Re1 a6 13.Na3 Nf6 
14.Rxe8+ Nxe8 15.Nc4 Nd7 16.Rb1 Ndf6 17.Bc2 Bb7 
18.Ne3 Nc7 19.Bb3 Ra7 20.Qd3 Qa8 21.Nc4 Bxd5 
22.Nxd6 Nb5 23.Bxd5 Qxd5 24.Qxd5 Nxd5 25.Nc4 Nd4 
26.Nxd4 cxd4 27.Bd2 Rb7 28.Kf1 f5 29.Ke2 Nc3+ 
30.Bxc3 dxc3 31.b3 Rc7 32.Kd3 Rd7+ 33.Kc2 Re7 
34.Kd3 Rd7+ {(offering draw)}  1/2-1/2

[Event "HCL-B3858"]
[Site "www.playchess.de"]
[Date "2006.02.06"]
[Round "7"]
[White "evets"]
[Black "IRONMAIDEN"]
[WhiteElo "1392"]
[BlackElo "1206"]
[PlyCount "58"]
[Result "0-1"]

1.Nf3 Nc6 2.d4 d5 3.Nbd2 Nf6 4.e3 Bg4 5.c3 Ne4 
6.Qb3 Rb8 7.Bb5 Bxf3 8.Nxf3 e6 9.Ne5 Bd6 10.Nxc6 
bxc6 11.Bxc6+ Ke7 12.Qa4 f5 13.f3 Nf6 14.O-O Rb6 
15.Re1 g5 16.f4 Ne4 17.g3 h5 18.fxg5 Nxg5 19.Kg2 
Qg8 20.c4 h4 21.c5 Rxb2+ 22.Bxb2 Bxg3 23.hxg3 Ne4 
24.Qc2 Qxg3+ 25.Kf1 Qf3+ 26.Kg1 Rg8+ 27.Kh2 Qg3+ 
28.Kh1 Qh3+ 29.Qh2 Nf2+ 0-1